000 00449pab a2200169 454500
008 180718b1966 xxu||||| |||| 00| 0 eng d
100 _aSrivastava, G.P.
245 _aParliamentary privileges versus fundamental rights
260 _c1966
300 _ap.810-824.
362 _aOct-Dec
650 _aHuman rights
650 _aPrivileges and immunities
773 _aIndian Journal of Public Administration
908 _aN
909 _a100269
999 _c100268
_d100268